ბათუმის შოთა რუსთაველის სახელმწიფო უნივერსიტეტის ბიბლიოთეკა

მცენარეული ალკოლოიდების შემცვლელი წამალთფორმირების მიღების თანამედროვე ტექნოლოგიების შემუშავება : დისერტაცია / (ბიბ.ჩანაწერი № 51746)

000 -ლიდერი
ფიქსირებული სიგრძის საკონტროლო ველი 01853nam a2200277Ia 4500
001 - საკონტროლო ნომერი
საკონტროლო ველი 18738
003 - საკონტროლო ნომრის იდენტიფიკატორი
საკონტროლო ველი GE_BSU
005 - ბოლო ოპერაციის თარიღი და დრო
საკონტროლო ველი 20220920110133.0
008 - ფიქსირებული სიგრძის მონაცემთა ელემენტები - ზოგადი ინფორმაცია
ფიქსირებული სიგრძის საკონტროლო ველი 181216s2012||||ge |||||||||||||| ||geo||
040 ## - კატალოგიზაციის წყარო
Transcribing agency GE_BSU
041 ## - ენის კოდი
Language code of text/sound track or separate title geo
080 ## - უნივერსალური ათობითი კლასიფიკაციის ინდექსი
Universal Decimal Classification number 615.1 გ-14
100 ## - მთავარი ჩანაწერი - პიროვნების სახელი
Personal name გაგუა, ნათია
9 (RLIN) 11722
245 ## - ცნობა სათაურის შესახებ
Title მცენარეული ალკოლოიდების შემცვლელი წამალთფორმირების მიღების თანამედროვე ტექნოლოგიების შემუშავება : დისერტაცია /
Statement of responsibility, etc ნათია გაგუა; სამეცნიერო ხელმძღვანელი ა. ბაკურიძე, ვ. ვაჩნაძე; თბილისის სახელმწიფო სამედიცინო უნივერსიტეტი
Medium
250 ## - გამოცემის ცნობა
Edition statement .
264 ## - წარმოების, გამოცემის, დისტრიბუციის და სხვა ცნობები
გამოცემის, წარმოების, დისტრიბუციის... ადგილი თბილისი,
გამოცემის, წარმოების, დისტრიბუციის... თარიღი 2012.
300 ## - ფიზიკური აღწერა
Extent 270 გვ.;
Other physical details 18 სმ.
653 ## - INDEX TERM--UNCONTROLLED
Uncontrolled term დისერტაცია
653 ## - INDEX TERM--UNCONTROLLED
Uncontrolled term მედიცინა
653 ## - INDEX TERM--UNCONTROLLED
Uncontrolled term მცენარეული ალკოლოიდების შემცვლელი წამალთფორმირების მიღების თანამედროვე ტექნოლოგიების შემუშავება
653 ## - INDEX TERM--UNCONTROLLED
Uncontrolled term ფარმაცია
700 ## - ADDED ENTRY--PERSONAL NAME
Personal name ბაკურიძე, ა.
Relator term სამეცნიერო ხელმძღვანელი
9 (RLIN) 11723
700 ## - ADDED ENTRY--PERSONAL NAME
Personal name ვაჩნაძე, ვ.
Relator term სამეცნიერო ხელმძღვანელი
9 (RLIN) 11720
710 ## - ADDED ENTRY--CORPORATE NAME
Corporate name or jurisdiction name as entry element თბილისის სახელმწიფო სამედიცინო უნივერსიტეტი
9 (RLIN) 11724
942 ## - ADDED ENTRY ELEMENTS (KOHA)
Koha item type წიგნი
Source of classification or shelving scheme
ეგზემპლარები
ჩამოწერის სტატუსი დაკარგული ეგზემპლარის სტატუსი კლასიფიკაციის წყარო ან თაროზე გაწყობის სქემა დაზიანების სტატუსი არ გაიცემა მუდმივი მდებარეობა (დაცვის ადგილი) ამჟამინდელი ადგილსამყოფელი შეძენის თარიღი სრული შენახვის შიფრი შტრიხკოდი ბოლო ოპერაციის თარიღი ეგზემპლარის მიმდევრობითი ნომერი (კეტერი?) ფასის ძალაში შესვლის თარიღი ეგზემპლარის სახეობა
        შიდა ფონდი ბათუმის შოთა რუსთაველის სახელმწიფო უნივერსიტეტის მთავარი ბიბლიოთეკა ბათუმის შოთა რუსთაველის სახელმწიფო უნივერსიტეტის მთავარი ბიბლიოთეკა 2018-12-17 615.1 გ-14 82 დისერტ. 2018-12-17 82 2018-12-17 დისერტაცია